[Event "Natal Potiguar op"]
[Site "Natal"]
[Date "2016.07.02"]
[Round "4"]
[White "Carneiro, Vitor Roberto Castr"]
[Black "Quaranta Neto, Francisco"]
[Result "1-0"]
[WhiteElo "2408"]
[BlackElo "1970"]
[PlyCount "105"]
[EventDate "2016.07.01"]
[EventType "swiss"]
[EventRounds "6"]
[EventCountry "BRA"]
[SourceTitle "EXT 2017"]
[Source "ChessBase"]
[SourceDate "2016.10.25"]
[SourceVersion "1"]
[SourceVersionDate "2016.10.25"]
[SourceQuality "1"]

1. c4 e5 2. Nc3 Nc6 3. Nf3 g6 4. d4 exd4 5. Nxd4 Bg7 6. Nxc6 bxc6 7. g3 Ne7 8. Bg2 0-0 9. 0-0 Rb8 10. Qd2 d6 11. b3 Be6 12. Bb2 Qc8 13. Ne4 f6 14. Rfd1 Bh3 15. Bxh3 Qxh3 16. f4 h5 17. Nf2 Qc8 18. e4 Qe6 19. Re1 Qf7 20. Rad1 c5 21. Bc3 Nc6 22. Qd5 Ne7 23. Qxf7+ Rxf7 24. Nd3 Nc6 25. f5 g5 26. Re2 Re7 27. h3 Kf7 28. Kf2 a5 29. Nb2 Rbe8 30. Rde1 g4 31. Nd3 Bh6 32. Nf4 Bxf4 33. gxf4 Nd4 34. Bxd4 cxd4 35. hxg4 hxg4 36. Kg3 d3 37. Rd2 Rxe4 38. Rxe4 Rxe4 39. Rxd3 Re2 40. a4 Ke7 41. Kxg4 Rg2+ 42. Kf3 Rb2 43. Re3+ Kf7 44. Ke4 Rd2 45. Rh3 Kg7 46. Rd3 Re2+ 47. Kd5 Rf2 48. Kc6 Rxf4 49. Kxc7 Rxf5 50. Kxd6 Kf7 51. c5 Re5 52. c6 Re6+ 53. Kc5 1-0

[Event "Natal Potiguar op"]
[Site "Natal"]
[Date "2016.07.02"]
[Round "3"]
[White "Quaranta Neto, Francisco"]
[Black "Brito, Luismar Jorge"]
[Result "1-0"]
[WhiteElo "1970"]
[BlackElo "2223"]
[PlyCount "79"]
[EventDate "2016.07.01"]
[EventType "swiss"]
[EventRounds "6"]
[EventCountry "BRA"]
[SourceTitle "EXT 2017"]
[Source "ChessBase"]
[SourceDate "2016.10.25"]
[SourceVersion "1"]
[SourceVersionDate "2016.10.25"]
[SourceQuality "1"]

1. e4 c5 2. Ne2 d6 3. g3 Nc6 4. Bg2 Rb8 5. 0-0 h5 6. h3 Bd7 7. d3 g6 8. f4 f5 9. h4 Bg7 10. c3 Nf6 11. Nd2 b5 12. exf5 gxf5 13. Nf3 Ng4 14. Ng5 Qb6 15. Bf3 Nf6 16. Kg2 Nd8 17. d4 b4 18. Re1 Rc8 19. d5 bxc3 20. Nxc3 Ng4 21. Qc2 Bf6 22. Re2 c4 23. Bd2 Qd4 24. Rd1 Bxg5 25. fxg5 Qg7 26. Bxg4 hxg4 27. Rde1 e5 28. dxe6 Bc6+ 29. Kh2 Qg6 30. e7 Nf7 31. Re6 Nxg5 32. Bxg5 Qxg5 33. Kg1 Qh5 34. Rf6 Bd7 35. Qf2 Rc5 36. Rxd6 f4 37. Qd4 f3 38. Rxd7 f2+ 39. Kxf2 Qf5+ 40. Kg1 1-0

[Event "Joao Pessoa Fischer Memorial 7th"]
[Site "Joao Pessoa"]
[Date "2016.03.13"]
[Round "6"]
[White "Araujo, Henrique Jose Morai"]
[Black "Quaranta Neto, Francisco"]
[Result "0-1"]
[WhiteElo "2172"]
[BlackElo "1946"]
[PlyCount "90"]
[EventDate "2016.03.11"]
[EventType "swiss"]
[EventRounds "6"]
[EventCountry "BRA"]
[SourceTitle "CBM 171 Extra"]
[Source "ChessBase"]
[SourceDate "2016.04.26"]
[SourceVersion "1"]
[SourceVersionDate "2016.04.26"]
[SourceQuality "1"]

1. e4 e6 2. d4 d5 3. exd5 exd5 4. c4 Nf6 5. Nf3 Be7 6. Be2 0-0 7. 0-0 dxc4 8. Bxc4 Bg4 9. Be3 Nc6 10. Nbd2 Nd5 11. h3 Be6 12. a3 h6 13. Re1 Bd6 14. Rc1 Nxe3 15. fxe3 Bg3 16. Re2 Bf5 17. Nf1 Bh4 18. e4 Bh7 19. d5 Nb8 20. Qb3 b6 21. Bd3 Be7 22. Qc4 c6 23. Rd2 cxd5 24. exd5 Bc5+ 25. Kh1 Bxd3 26. Rxd3 Bd6 27. Ne3 Nd7 28. Nf5 Ne5 29. Nxe5 Bxe5 30. b4 Qg5 31. Rf1 Rac8 32. Qb3 Rc1 33. Rdf3 Rxf1+ 34. Rxf1 g6 35. Ne3 Qg3 36. Kg1 Bd4 37. Rf3 Qe5 38. Kh1 Kg7 39. Nf1 f5 40. Rd3 Rd8 41. Ne3 f4 42. Nc2 Bf2 43. Rf3 Bg3 44. Rd3 Qe2 45. Qc3+ Kg8 0-1

[Event "Joao Pessoa Fischer Memorial 7th"]
[Site "Joao Pessoa"]
[Date "2016.03.12"]
[Round "4"]
[White "Pirola, Claudionor Alcides"]
[Black "Quaranta Neto, Francisco"]
[Result "1-0"]
[WhiteElo "2141"]
[BlackElo "1946"]
[PlyCount "73"]
[EventDate "2016.03.11"]
[EventType "swiss"]
[EventRounds "6"]
[EventCountry "BRA"]
[SourceTitle "CBM 171 Extra"]
[Source "ChessBase"]
[SourceDate "2016.04.26"]
[SourceVersion "1"]
[SourceVersionDate "2016.04.26"]
[SourceQuality "1"]

1. e4 e6 2. d4 d5 3. Nc3 Bb4 4. e5 c5 5. a3 cxd4 6. axb4 dxc3 7. Nf3 Ne7 8. Qd4 cxb2 9. Bxb2 Nbc6 10. Qg4 h5 11. Qxg7 Rg8 12. Qh7 Nxb4 13. c3 Nbc6 14. Bd3 Qb6 15. Bc1 Rxg2 16. Be3 Qb2 17. Rb1 Qxc3+ 18. Kf1 Rg8 19. Rg1 Rxg1+ 20. Kxg1 Kd7 21. Bb5 a6 22. Bxc6+ bxc6 23. Rc1 Qb4 24. Bd4 Qa3 25. Rc3 Qa1+ 26. Kg2 Qd1 27. Rd3 Qb1 28. Be3 Qa1 29. Qxf7 Bb7 30. Bg5 Re8 31. Nd4 Qa4 32. Qxe6+ Kd8 33. Qd6+ Kc8 34. Bxe7 Qa1 35. Qe6+ Kc7 36. Bd6+ Kd8 37. Qf7 1-0

[Event "Joao Pessoa Fischer Memorial 7th"]
[Site "Joao Pessoa"]
[Date "2016.03.11"]
[Round "1"]
[White "Quaranta Neto, Francisco"]
[Black "Dos Santos, Renan Guedes"]
[Result "1-0"]
[WhiteElo "1946"]
[BlackElo "1800"]
[PlyCount "47"]
[EventDate "2016.03.11"]
[EventType "swiss"]
[EventRounds "6"]
[EventCountry "BRA"]
[SourceTitle "CBM 171 Extra"]
[Source "ChessBase"]
[SourceDate "2016.04.26"]
[SourceVersion "1"]
[SourceVersionDate "2016.04.26"]
[SourceQuality "1"]

1. e4 c5 2. Ne2 d6 3. Nbc3 a6 4. g3 Nf6 5. Bg2 e5 6. 0-0 Qc7 7. d3 Be6 8. f4 exf4 9. gxf4 Bg4 10. h3 Bh5 11. Qe1 Bxe2 12. Qxe2 Nc6 13. e5 dxe5 14. Bxc6+ bxc6 15. fxe5 Nd5 16. Nxd5 cxd5 17. Qf3 Rd8 18. Bg5 f6 19. exf6 gxf6 20. Bxf6 Rg8+ 21. Kh1 Rd7 22. Rae1+ Be7 23. Bxe7 Rxe7 24. Qf7+ 1-0

[Event "Natal Potiguar op 10th"]
[Site "Natal"]
[Date "2015.07.05"]
[Round "5"]
[White "Da Silva, Arthur Moura Viera"]
[Black "Quaranta Neto, Francisco"]
[Result "1-0"]
[WhiteElo "2019"]
[BlackElo "1948"]
[PlyCount "89"]
[EventDate "2015.07.03"]
[EventType "swiss"]
[EventRounds "6"]
[EventCountry "BRA"]
[SourceTitle "CBM 167 Extra"]
[Source "ChessBase"]
[SourceDate "2015.09.14"]
[SourceVersion "1"]
[SourceVersionDate "2015.09.14"]
[SourceQuality "1"]

1. d4 d5 2. c4 c6 3. Nf3 Nf6 4. e3 e6 5. b3 Bd6 6. Bb2 Nbd7 7. Bd3 0-0 8. 0-0 Qc7 9. c5 Be7 10. Qc2 h6 11. Nbd2 Ne8 12. e4 dxe4 13. Nxe4 f5 14. Ng3 Ndf6 15. Rfe1 Nd5 16. a3 Nef6 17. Ne5 Nf4 18. Bc4 N6d5 19. Rad1 Bf6 20. Bc1 Bxe5 21. Rxe5 b5 22. cxb6 Qxb6 23. Bxf4 Nxf4 24. Rxf5 Bd7 25. Qe4 Nd5 26. Rxf8+ Rxf8 27. Nh5 Rf5 28. g4 Rf7 29. Rd3 Qb8 30. Rf3 Qf8 31. Rxf7 Qxf7 32. Bd3 Be8 33. Ng3 Nf4 34. Bc4 Bd7 35. Qe5 Nh3+ 36. Kg2 Nxf2 37. Qe2 c5 38. Qxf2 Qxf2+ 39. Kxf2 cxd4 40. Ne4 Kf7 41. Nc5 Bc8 42. Kf3 Kf6 43. Ke4 e5 44. h3 g5 45. Ba6 1-0

[Event "Natal Potiguar op 10th"]
[Site "Natal"]
[Date "2015.07.03"]
[Round "2"]
[White "Quaranta Neto, Francisco"]
[Black "Bouwman, Marcelo Wanderley"]
[Result "0-1"]
[WhiteElo "1948"]
[BlackElo "2228"]
[PlyCount "52"]
[EventDate "2015.07.03"]
[EventType "swiss"]
[EventRounds "6"]
[EventCountry "BRA"]
[SourceTitle "CBM 167 Extra"]
[Source "ChessBase"]
[SourceDate "2015.09.14"]
[SourceVersion "1"]
[SourceVersionDate "2015.09.14"]
[SourceQuality "1"]

1. e4 e6 2. d4 d5 3. Nd2 Nf6 4. Bd3 c5 5. exd5 exd5 6. dxc5 Bxc5 7. Nb3 Bb6 8. Ne2 0-0 9. 0-0 h6 10. c3 Nc6 11. Nbd4 Bg4 12. f3 Nxd4 13. Nxd4 Bxd4+ 14. cxd4 Be6 15. Qb3 Qd7 16. Bd2 a6 17. a4 Ne8 18. Bb4 Nd6 19. Bc5 Rfe8 20. Rac1 Nc4 21. Qa2 b6 22. Bb4 Ne3 23. Rfe1 Bf5 24. Qb1 Qxa4 25. Bd2 Qxd4 26. Bxe3 Rxe3 0-1